|
|
|
|
| LEADER |
00000cam a2200000 a 4500 |
| 001 |
UCF7600 |
| 003 |
CL-VaPUC |
| 008 |
130627e20100000SP |||||||||||||||||spa|d |
| 020 |
|
|
|a 9788497712392
|
| 082 |
0 |
4 |
|a 883
|b HOM
|2 21
|
| 100 |
|
|
|a Homero
|e autor
|9 265577
|
| 245 |
1 |
0 |
|a 12 relatos de la Ilíada y la Odisea
|
| 300 |
|
|
|a 167 p
|
| 942 |
|
|
|c BK
|
| 945 |
|
|
|d 20130627 00:00:00
|a dcastane
|
| 260 |
|
|
|a Madrid
|b Editex
|c 2010
|
| 500 |
|
|
|a Obra adaptada por Michel Laporte
|
| 650 |
|
0 |
|a Poesía épica
|9 269163
|
| 650 |
|
7 |
|a POESIA EPICA GRIEGA
|2 CL-VaPUC
|9 265215
|
| 583 |
|
|
|a last modification
|c 20130627 13:18:00
|k Rodrigo Vera
|
| 999 |
|
|
|c 352409
|d 352407
|